000
00465nam a2200181Ia 4500
008
151121s9999||||xx |||||||||||||| ||und||
082
_a
813/देसाई
082
_b
HNW-55301
100
_a
देसाई रणजीत
245
_a
बारी
260
_c
--
300
_a
200
600
_a
देसाई रणजीत
630
_a
बारी
700
_a
देसाई रणजीत
730
_a
बारी
942
_c
BOOK
999
_c
1238238
_d
1238235